Slovenskí poradcovia si musia vybojovať zodpovedajúcu pozíciu na trhu

Gespeichert in:
Bibliographische Detailangaben
1. Verfasser: Hagovská, Andrea
Weitere Verfasser: Tkáčiková, Jarmila
Format: Buchkapitel
Sprache:Slowakisch
Tags: Tag hinzufügen
Keine Tags, Fügen Sie das erste Tag hinzu!

MARC

LEADER 00000naa a2200000 4500
001 0147015
005 20230921110022.7
041 0 |a slo 
044 |a SK 
245 1 0 |a Slovenskí poradcovia si musia vybojovať zodpovedajúcu pozíciu na trhu  |c Andrea Hagovská, Jarmila Tkáčiková 
100 1 |a Hagovská, Andrea 
700 1 |a Tkáčiková, Jarmila